| 000 | 00571nam a2200217Ia 4500 | ||
|---|---|---|---|
| 005 | 20250923150009.0 | ||
| 008 | 008 250917s9999 xx 000 0 eng d | ||
| 037 | _aTextual | ||
| 040 |
_aDSWL _beng _cDSWL |
||
| 041 |
_aeng _2eng |
||
| 084 |
_aS:4, N95 _qDSWL |
||
| 100 |
_aKellogg, R.T. _9841115 |
||
| 245 | 0 |
_aCognitive Psychology _c by R.T. Kellogg |
|
| 260 |
_aLondon _bSage Publications _c1995 |
||
| 300 | _axxi,523 p. | ||
| 365 |
_aGBP _b15.99 |
||
| 490 | _vPart I | ||
| 925 | _g15.99 | ||
| 942 |
_cTEXL _hS:4, N95 |
||
| 999 |
_c1458303 _d1458303 |
||